|
|
|
|
| LEADER |
02586nam a22004097a 4500 |
| 001 |
30855 |
| 003 |
BD-DhAAL |
| 005 |
20250424130459.0 |
| 008 |
160127t2015 bg |||| |||| 001 0 eng d |
| 020 |
|
|
|a 9789843400116
|
| 040 |
|
|
|a BD-DhAAL
|c BD-DhAAL
|
| 082 |
|
|
|a 372.95492
|2 23
|
| 245 |
|
|
|a Moving from MDG to SDG :
|b accelerate progress for quality primary education /
|c research team, Samir Ranjan Nath, A Mushtaque R Chowdhury, Kazi saleh Ahmed, Reviewers Jowshan Ara Rahman, Editors Manzoor Ahmed and Rasheda K Choudhury.
|
| 246 |
|
|
|i At head of title:
|a Education Watch 2015
|
| 260 |
|
|
|a Dhaka :
|b Campaign for Popular Education (CAMPE),
|c 2015
|
| 300 |
|
|
|a xlii, 197 pages :
|b illustrations ;
|c 29 cm
|
| 500 |
|
|
|a Includes index
|
| 526 |
|
|
|a AAL
|
| 541 |
|
|
|a Complimentary copy from Dr. Ahmed Mushtaque Raza Chowdhury (Former Vice Chairperson of BRAC)
|e 30855, 30856, 44411, 44412
|
| 650 |
|
|
|a Education, Primary
|z Bangladesh.
|9 17592
|
| 650 |
|
|
|a Educational surveys
|z Bangladesh.
|
| 650 |
|
|
|a Educational evaluation
|z Bangladesh.
|9 58143
|
| 650 |
|
|
|a Educational tests and measurements
|z Bangladesh.
|9 58144
|
| 700 |
|
|
|a Nath, Samir R.
|
| 700 |
|
|
|a Chowdhury, A. M. Raza.
|
| 700 |
|
|
|a Ahmed, Kazi saleh.
|
| 700 |
|
|
|a Rahman, Jowshan Ara.
|9 37893
|
| 700 |
|
|
|a Ahmed, Manzoor.
|
| 700 |
|
|
|a Choudhury, Rasheda K.
|9 28014
|
| 710 |
|
|
|a Campaign for Popular Education (Organization)
|
| 852 |
|
|
|a Ayesha Abed Library
|c General Stacks
|
| 942 |
|
|
|2 ddc
|c BK
|
| 999 |
|
|
|c 36705
|d 36705
|
| 952 |
|
|
|0 0
|1 0
|2 ddc
|4 0
|6 372_954920000000000_MOV
|7 0
|9 57766
|a BRACUL
|b BRACUL
|c GEN
|d 2016-01-27
|l 1
|o 372.95492 MOV
|p 3010030855
|r 2017-08-30
|s 2017-05-03
|t 1
|w 2016-01-27
|y BK
|
| 952 |
|
|
|0 0
|1 0
|2 ddc
|4 0
|6 372_954920000000000_MOV
|7 0
|9 57767
|a BRACUL
|b BRACUL
|c GEN
|d 2016-01-27
|l 0
|o 372.95492 MOV
|p 3010030856
|r 2016-01-27
|t 2
|w 2016-01-27
|y BK
|
| 952 |
|
|
|0 0
|1 0
|2 ddc
|4 0
|6 372_954920000000000_MOV
|7 1
|9 77652
|a BRACUL
|b BRACUL
|c AMRC
|d 2025-04-24
|e Complimentary copy from Dr. Ahmed Mushtaque Raza Chowdhury (Former Vice Chairperson of BRAC)
|g 500.00
|l 0
|o 372.95492 MOV
|p 3010044411
|r 2025-04-24
|t 3
|w 2025-04-24
|y BK
|x Complimentary copy received from Dr. Ahmed Mushtaque Raza Chowdhury (Former Vice Chairperson of BRAC) on 17 April 2025
|
| 952 |
|
|
|0 0
|1 0
|2 ddc
|4 0
|6 372_954920000000000_MOV
|7 1
|9 77653
|a BRACUL
|b BRACUL
|c AMRC
|d 2025-04-24
|e Complimentary copy from Dr. Ahmed Mushtaque Raza Chowdhury (Former Vice Chairperson of BRAC)
|g 500.00
|l 0
|o 372.95492 MOV
|p 3010044412
|r 2025-04-24
|t 4
|w 2025-04-24
|y BK
|x Complimentary copy received from Dr. Ahmed Mushtaque Raza Chowdhury (Former Vice Chairperson of BRAC) on 17 April 2025
|